000 01053nam0a2200265 4500
001 RU\NLR\BIBL_A\010433268
005 20250614050921.0
035 _a(NLR Aleph) 010433268
090 _a9859303
_c9859303
100 _a20140721d1935 |||y0rusy50 ca
101 0 _asah
102 _aRU
105 _ac||||||||||||
200 1 _aБойовуой
_eтааттатааҕы "Бойовуой" диэн артыал остуоруйата
_fБэс Дьарааһын
210 _aДьокуускай
_cСудаарыстыба Саха сиринээҕи бэчээттир суута
_d1935
215 _a158,[2] с., [1] л. портр.
300 _aЛатин. графика
541 1 _a[Боевой
_eочерк]
_zrus
686 1 _aШ6(2=Я)7-4
700 1 _4070
_aБястинов-Бэс Дьарааһын
_bГ. Д
_f1902-1934
_gГерасим Дмитриевич
_9163824
_3RU\NLR\AUTH\770163868
852 _aNLR
_bОНЛ
_jЯкут./2-811
852 _aNLR
_bОНЛ
_jЯкут./2-811
942 _cBOOK
980 _aNB